Normal view
MARC view
- Muhammad Zubair Zahid
Entry Personal Name
001 - CONTROL NUMBER
- control field: 15087
003 - CONTROL NUMBER IDENTIFIER
- control field: NUST
005 - DATE AND TIME OF LATEST TRANSACTION
- control field: 20190619104143.0
008 - FIXED-LENGTH DATA ELEMENTS
- fixed length control field: 190619|| aca||aabn | a|a d
040 ## - CATALOGING SOURCE
- Original cataloging agency: NUST
- Transcribing agency: NUST
100 ## - HEADING--PERSONAL NAME
- Personal name: Muhammad Zubair Zahid
670 ## - SOURCE DATA FOUND
- Source citation: Work cat.: (NUST): Muhammad Zubir Zahid 15085, Comparitive Analysis of Gun Chamber Pressure for 7.62x51mm Ammunition using EPVAT System with piezoelectric transducer and copper crusher gauge, 2017
